|
|
|
|
| LEADER |
00000nkm a2200000 a 4500 |
| 001 |
vtls010652604 |
| 003 |
SK-MaSNL |
| 005 |
20260512122042.0 |
| 007 |
kp co |
| 008 |
231206s1978 xo 000 g kzslo |
| 040 |
|
|
|a SNK
|b slo
|c SNK
|e AACR2
|
| 041 |
0 |
|
|a slo
|
| 044 |
|
|
|a xo
|c SK
|
| 080 |
|
|
|a (437.6-17)
|2 2001
|
| 080 |
|
|
|a (084.121)
|2 2001
|
| 100 |
1 |
|
|a Staněk, O.
|4 aut
|4 pht
|9 296191
|
| 245 |
1 |
0 |
|a Vysoké Tatry
|h grafika
|b Velická dolina : Dlhé pleso (1929 m) : v pozadí Poľský hrebeň a Velický štít (2319 m) : Kvetnicové pliesko (1810 m) : v pozadí Guľatý kopec (2125 m) a zrázy Zadného Gerlachu : Opálová stena s Rohatou vežou, pri Velickom plese (1663 m)
|c foto: O. Staněk, J. Sekal
|
| 246 |
1 |
1 |
|a Vysokije Tatry
|
| 246 |
1 |
1 |
|a Hohe Tatra
|
| 246 |
1 |
1 |
|a High Tatras
|
| 260 |
|
|
|a Bratislava
|b Pressfoto
|c [1978]
|
| 300 |
|
|
|a 1 pohľadnica
|b farebná
|c 11 x 15 cm
|
| 520 |
8 |
|
|a Zobrazenie: 4 čiastkové pohľady
|
| 651 |
|
7 |
|a Vysoké Tatry (Poľsko a Slovensko : pohorie)
|2 SNKPHgeo
|9 67729
|
| 655 |
|
7 |
|a geografické pohľadnice
|2 SNKPH
|9 70522
|
| 655 |
|
7 |
|a miestne pohľadnice
|2 SNKPH
|9 70510
|
| 700 |
1 |
|
|a Sekal, J.
|4 pht
|9 289264
|
| 958 |
|
|
|a GC
|
| 958 |
|
|
|a GBN
|
| 958 |
|
|
|a OND
|
| 999 |
|
|
|c 583545
|d 585475
|
| 952 |
|
|
|a SNK
|b SNK
|y PREZ
|7 0
|p 17A1122131
|o snkSP 152410
|i snk2015/4177
|8 3
|g 0.50
|0 0
|1 0
|4 0
|d 2015-02-05
|l 0
|r 2026-02-23 14:59:41
|w 2026-02-23
|